| 000 | 00427nam a2200193Ia 4500 | ||
|---|---|---|---|
| 005 | 20240823035640.0 | ||
| 008 | 240823s9999||||xx |||||||||||||| ||und|| | ||
| 020 | _a978-81-291-2046-5 | ||
| 041 | _aENGLISH | ||
| 082 | _A823.92 Q2 | ||
| 100 | _aVarsha Dixit | ||
| 245 | 0 | _aWrong Means Right End | |
| 250 | _a1st | ||
| 260 |
_c2012 _bRupa |
||
| 500 | _aYES | ||
| 650 |
_aNovel _bEnglish |
||
| 942 | _cBK | ||
| 999 |
_c201190 _d201190 |
||